Grafy rozmyte i mozliwosci ich wykorzystania w ekonomii

Guardado en:
Detalles Bibliográficos
Autor principal: Woloszyn, Jacek
Formato: Libro
Lenguaje:polaco
Publicado: Kraków Akademia Ekon. 1990
Edición:1. wyd.
Colección:Zeszyty naukowe Nr.90
Etiquetas: Agregar Etiqueta
Sin Etiquetas, Sea el primero en etiquetar este registro!

MARC

LEADER 00000nam a2200000 4500
001 c022039
005 20221215130123.8
041 0 |a pol 
044 |a PL 
245 1 0 |a Grafy rozmyte i mozliwosci ich wykorzystania w ekonomii  |c Jacek Woloszyn 
250 |a 1. wyd. 
264 1 |a Kraków  |b Akademia Ekon.  |c 1990 
300 |a 219 s. 
490 1 |a Zeszyty naukowe  |v Nr.90 
830 0 |a Zeszyty naukowe  |v Nr.90 
100 1 |a Woloszyn, Jacek